| 000 | 00331nam a22001337a 4500 | ||
|---|---|---|---|
| 008 | 180201b xxu||||| |||| 00| 0 eng d | ||
| 020 | _a9780205355402 | ||
| 041 | _aeng | ||
| 080 |
_23rd _a37 |
||
| 100 | _a47 | ||
| 101 | _aEDU | ||
| 245 |
_aAssessment& instruction of reading and writing difficulty _cLipson,M.Y |
||
| 942 |
_2udc _cBK |
||
| 999 |
_c41560 _d41560 |
||